| 000 | 00648nam a22001577a 4500 | ||
|---|---|---|---|
| 003 | OSt | ||
| 005 | 20151002155001.0 | ||
| 008 | 151002b xxu||||| |||| 00| 0 eng d | ||
| 040 | _cRUA | ||
| 082 | _aAVM LIN 1995 B068 Or.1 | ||
| 100 |
_91795 _aLIN, LINA. |
||
| 245 | _aStudy on pig farm rehabilitation project at the royal university of agriculture, ការសិក្សាគំរោងបង្កើតស្ថានីយ៍ចិញ្ចឹមជ្រូកនៅសាកលវិទ្យាល័យភូមិន្ទកសិកកម្ម | ||
| 260 |
_aPhnom Penh _bRUA _c1995 |
||
| 300 |
_a48p. _bill. _c29cm. |
||
| 942 |
_2ddc _cAVM |
||
| 999 |
_c1696 _d1696 |
||